| 000 | 00404nam a22001697a 4500 | ||
|---|---|---|---|
| 005 | 20180814114952.0 | ||
| 008 | 160615b xxu||||| |||| 00| 0 eng d | ||
| 020 | _a978-0-07-451-506-8 | ||
| 041 | _aeng | ||
| 082 |
_b7874 _a658.4 |
||
| 100 |
_aAgarwal, R.D. _92036 |
||
| 245 | _aOrganization and Management | ||
| 260 |
_bTMH _c2008 _aDELHI |
||
| 300 | _a697p, | ||
| 650 |
_aManagement _9241 |
||
| 942 | _cBK | ||
| 999 |
_c2844 _d2843 |
||